[Event "OEISM 0818 BLMM"]
[Site "austriablmm"]
[Date "2020.12.12"]
[Round "5"]
[White "Ppe1968"]
[Black "Luroe12"]
[Result "1-0"]
[WhiteElo "1919"]
[BlackElo "1475"]
[Annotator "NA RC"]
[PlyCount "93"]
[EventDate "2020.12.12"]
[EventType "blitz"]

1. d4 {[%emt 0:00:15]} d5 {[%emt 0:00:02]} 2. Nf3 {[%emt 0:00:05]} Nf6 {[%emt 0:00:04]} 3. c4 {[%emt 0:00:04]} dxc4 {[%emt 0:00:05]} 4. g3 {[%emt 0:00:03]} Nc6 {[%emt 0:00:04]} 5. Bg2 {[%emt 0:00:02]} Bf5 {[%emt 0:00:08]} 6. O-O {[%emt 0:00:02]} e6 {[%emt 0:00:04]} 7. Nc3 {[%emt 0:00:01]} Bd6 {[%emt 0:00:20]} 8. Re1 {[%emt 0:00:02]} O-O {[%emt 0:00:03]} 9. e4 {[%emt 0:00:01]} Bg6 {[%emt 0:00:10]} 10. e5 {[%emt 0:00:01]} Bxe5 {[%emt 0:00:09]} 11. dxe5 {[%emt 0:00:01]} Qxd1 {[%emt 0:00:03]} 12. Rxd1 {[%emt 0:00:01]} Ng4 {[%emt 0:00:29]} 13. Bf4 {[%emt 0:00:11]} Rfd8 {[%emt 0:00:26]} 14. h3 {[%emt 0:00:07]} Nh6 {[%emt 0:00:09]} 15. Nh4 {[%emt 0:00:44]} Rxd1+ {[%emt 0:00:40]} 16. Rxd1 {[%emt 0:00:03]} Nf5 {[%emt 0:00:21]} 17. Nxg6 {[%emt 0:00:16]} fxg6 {[%emt 0:00:09]} 18. Bxc6 {[%emt 0:00:05]} bxc6 {[%emt 0:00:05]} 19. g4 {[%emt 0:00:01]} Nh4 {[%emt 0:00:06]} 20. Bg3 {[%emt 0:00:16]} Nf3+ {[%emt 0:00:04]} 21. Kg2 {[%emt 0:00:01]} Rf8 {[%emt 0:00:13]} 22. Ne4 {[%emt 0:00:30]} h6 {[%emt 0:00:22]} 23. Nd2 {[%emt 0:00:23]} Nxd2 {[%emt 0:00:14]} 24. Rxd2 {[%emt 0:00:02]} h5 {[%emt 0:00:14]} 25. Rc2 {[%emt 0:00:04]} hxg4 {[%emt 0:00:04]} 26. hxg4 {[%emt 0:00:02]} Rb8 {[%emt 0:00:19]} 27. Rxc4 {[%emt 0:00:14]} Rxb2 {[%emt 0:00:06]} 28. Rxc6 {[%emt 0:00:01]} Rxa2 {[%emt 0:00:06]} 29. Rxc7 {[%emt 0:00:01]} Ra3 {[%emt 0:00:16]} 30. Re7 {[%emt 0:00:06]} Ra6 {[%emt 0:00:03]} 31. Kf3 {[%emt 0:00:03]} Ra3+ {[%emt 0:00:04]} 32. Ke4 {[%emt 0:00:02]} Ra4+ {[%emt 0:00:13]} 33. Kd3 {[%emt 0:00:16]} Rxg4 {[%emt 0:00:08]} 34. Rxa7 {[%emt 0:00:01]} Rb4 {[%emt 0:00:32]} 35. Re7 {[%emt 0:00:10]} Rb3+ {[%emt 0:00:05]} 36. Kc4 {[%emt 0:00:02]} Rb6 {[%emt 0:00:07]} 37. Kc5 {[%emt 0:00:01]} Ra6 {[%emt 0:00:03]} 38. Rc7 {[%emt 0:00:02]} Ra5+ {[%emt 0:00:16]} 39. Kd6 {[%emt 0:00:02]} Ra6+ {[%emt 0:00:03]} 40. Rc6 {[%emt 0:00:01]} Rxc6+ {[%emt 0:00:04]} 41. Kxc6 {[%emt 0:00:00]} Kf7 {[%emt 0:00:02]} 42. Kd7 {[%emt 0:00:01]} g5 {[%emt 0:00:05]} 43. f3 {[%emt 0:00:01]} g6 {[%emt 0:00:06]} 44. Bh2 {[%emt 0:00:04]} g4 {[%emt 0:00:06]} 45. fxg4 {[%emt 0:00:01]} g5 {[%emt 0:00:02]} 46. Bg3 {[%emt 0:00:01]} Kg6 {[%emt 0:00:03]} 47. Kxe6 {[%emt 0:00:01] Luroe12 offers a draw Luroe12 resigns (Lag: Av=0.40s, max=1.6s)} 1-0

[Event "OEISM 0818 BLMM"]
[Site "austriablmm"]
[Date "2020.12.12"]
[Round "5"]
[White "UrosN"]
[Black "Pernerstorfer_Max"]
[Result "0-1"]
[WhiteElo "1882"]
[BlackElo "1898"]
[Annotator "NA RC"]
[PlyCount "102"]
[EventDate "2020.12.12"]
[EventType "blitz"]

1. d4 {[%emt 0:00:05]} Nf6 {[%emt 0:00:02]} 2. c4 {[%emt 0:00:01]} c5 {[%emt 0:00:02]} 3. e3 {[%emt 0:00:02]} g6 {[%emt 0:00:02]} 4. Nc3 {[%emt 0:00:01]} Bg7 {[%emt 0:00:01]} 5. Nf3 {[%emt 0:00:01]} O-O {[%emt 0:00:01]} 6. Be2 {[%emt 0:00:01]} cxd4 {[%emt 0:00:01]} 7. exd4 {[%emt 0:00:02]} d5 {[%emt 0:00:01]} 8. O-O {[%emt 0:00:01]} Nc6 {[%emt 0:00:03]} 9. Be3 {[%emt 0:00:17]} Bg4 {[%emt 0:00:23]} 10. Ne5 {[%emt 0:00:14]} Bxe2 {[%emt 0:00:07]} 11. Qxe2 {[%emt 0:00:00]} Rc8 {[%emt 0:00:09]} 12. Rfd1 {[%emt 0:00:09]} e6 {[%emt 0:00:28]} 13. Bg5 {[%emt 0:00:09]} dxc4 {[%emt 0:00:06]} 14. d5 {[%emt 0:00:30]} Nxe5 {[%emt 0:00:50]} 15. Qxe5 {[%emt 0:00:08]} Nxd5 {[%emt 0:00:20]} 16. Qg3 {[%emt 0:01:36]} Qa5 {[%emt 0:00:07]} 17. Ne4 {[%emt 0:00:57]} h6 {[%emt 0:01:26]} 18. Bd2 {[%emt 0:00:12]} Qc7 {[%emt 0:00:04]} 19. Qh4 {[%emt 0:00:13]} Qe7 {[%emt 0:00:30]} 20. Qh3 {[%emt 0:00:09]} g5 {[%emt 0:00:24]} 21. Bc3 {[%emt 0:01:19]} Nxc3 {[%emt 0:00:06]} 22. bxc3 {[%emt 0:00:00]} Rfd8 {[%emt 0:00:09]} 23. Qe3 {[%emt 0:00:37]} Qa3 {[%emt 0:00:32]} 24. h4 {[%emt 0:00:02]} Qa5 {[%emt 0:02:44]} 25. hxg5 {[%emt 0:00:08]} hxg5 {[%emt 0:00:01]} 26. Nd6 {[%emt 0:00:34]} Rc7 {[%emt 0:00:20]} 27. Rac1 {[%emt 0:00:58]} Rcd7 {[%emt 0:00:12]} 28. Qd2 {[%emt 0:01:54]} Qa6 {[%emt 0:00:59]} 29. Qxg5 {[%emt 0:00:20]} Rxd6 {[%emt 0:00:04]} 30. Qxd8+ {[%emt 0:00:01]} Rxd8 {[%emt 0:00:01]} 31. Rxd8+ {[%emt 0:00:00]} Kh7 {[%emt 0:00:01]} 32. Re1 {[%emt 0:00:20]} Qxa2 {[%emt 0:00:08]} 33. Re3 {[%emt 0:00:06]} Qa1+ {[%emt 0:00:33]} 34. Kh2 {[%emt 0:00:01]} Bxc3 {[%emt 0:00:02]} 35. Rd7 {[%emt 0:00:17]} Be5+ {[%emt 0:00:14]} 36. g3 {[%emt 0:00:07]} Kg7 {[%emt 0:00:01]} 37. Rf3 {[%emt 0:00:08]} Bf6 {[%emt 0:00:03]} 38. Rxb7 {[%emt 0:00:05]} c3 {[%emt 0:00:03]} 39. Rc7 {[%emt 0:00:04]} Qa5 {[%emt 0:00:04]} 40. Rc4 {[%emt 0:00:05]} Qh5+ {[%emt 0:00:08]} 41. Kg2 {[%emt 0:00:05]} Qd5 {[%emt 0:00:01]} 42. Rg4+ {[%emt 0:00:04]} Kf8 {[%emt 0:00:01]} 43. Rgf4 {[%emt 0:00:01]} c2 {[%emt 0:00:04]} 44. Rxf6 {[%emt 0:00:02]} Qxf3+ {[%emt 0:00:01]} 45. Rxf3 {[%emt 0:00:02]} c1=Q {[%emt 0:00:01]} 46. Rf4 {[%emt 0:00:02]} a5 {[%emt 0:00:03]} 47. Rh4 {[%emt 0:00:05]} a4 {[%emt 0:00:02]} 48. Kh2 {[%emt 0:00:03]} a3 {[%emt 0:00:03]} 49. Ra4 {[%emt 0:00:01]} Qb2 {[%emt 0:00:03]} 50. Ra8+ {[%emt 0:00:00]} Kg7 {[%emt 0:00:01]} 51. Kg1 {[%emt 0:00:03]} a2 {[%emt 0:00:01] UrosN resigns} 0-1

[Event "OEISM 0818 BLMM"]
[Site "austriablmm"]
[Date "2020.12.12"]
[Round "5"]
[White "viczekata"]
[Black "gritschb"]
[Result "1-0"]
[WhiteElo "1862"]
[BlackElo "1535"]
[Annotator "NA RC"]
[PlyCount "41"]
[EventDate "2020.12.12"]
[EventType "blitz"]

1. e4 {[%emt 0:00:02]} c5 {[%emt 0:00:02]} 2. Nf3 {[%emt 0:00:03]} Nc6 {[%emt 0:00:02]} 3. Nc3 {[%emt 0:00:01]} g6 {[%emt 0:00:02]} 4. d4 {[%emt 0:00:01]} cxd4 {[%emt 0:00:01]} 5. Nxd4 {[%emt 0:00:01]} Bg7 {[%emt 0:00:01]} 6. Be3 {[%emt 0:00:01]} Nf6 {[%emt 0:00:02]} 7. Bc4 {[%emt 0:00:01]} O-O {[%emt 0:00:04]} 8. Bb3 {[%emt 0:00:02]} d6 {[%emt 0:00:02]} 9. f3 {[%emt 0:00:01]} a6 {[%emt 0:00:11]} 10. Qd2 {[%emt 0:00:02]} Qa5 {[%emt 0:00:21]} 11. O-O-O {[%emt 0:00:06]} Bd7 {[%emt 0:00:25]} 12. h4 {[%emt 0:00:03]} b5 {[%emt 0:00:06]} 13. h5 {[%emt 0:00:23]} b4 {[%emt 0:00:13]} 14. Nd5 {[%emt 0:00:05]} Nxd5 {[%emt 0:00:15]} 15. exd5 {[%emt 0:00:09]} Ne5 {[%emt 0:00:33]} 16. Bh6 {[%emt 0:00:18]} Rfc8 {[%emt 0:00:15]} 17. Bxg7 {[%emt 0:00:05]} Kxg7 {[%emt 0:00:02]} 18. hxg6 {[%emt 0:00:04]} Rh8 {[%emt 0:00:07]} 19. Qh6+ {[%emt 0:00:05]} Kg8 {[%emt 0:00:14]} 20. gxh7+ {[%emt 0:00:03]} Rxh7 {[%emt 0:00:16]} 21. Qxh7+ {[%emt 0:00:01] gritschb resigns} 1-0

[Event "OEISM 0818 BLMM"]
[Site "austriablmm"]
[Date "2020.12.12"]
[Round "5"]
[White "Daniel05"]
[Black "Johnny Johnson"]
[Result "1-0"]
[WhiteElo "1852"]
[BlackElo "1771"]
[Annotator "NA RC"]
[PlyCount "117"]
[EventDate "2020.12.12"]
[EventType "blitz"]
[TimeControl "600+3"]

1. d4 {[%emt 0:00:02]} d5 {[%emt 0:00:02]} 2. c4 {[%emt 0:00:05]} e6 {[%emt 0:00:08]} 3. Nc3 {[%emt 0:00:01]} c6 {[%emt 0:00:01]} 4. Nf3 {[%emt 0:00:01]} dxc4 {[%emt 0:00:02]} 5. a4 {[%emt 0:00:04]} Bb4 {[%emt 0:00:06]} 6. e3 {[%emt 0:00:01]} b5 {[%emt 0:00:03]} 7. Bd2 {[%emt 0:00:05]} a5 {[%emt 0:00:04]} 8. axb5 {[%emt 0:00:03]} Bxc3 {[%emt 0:00:03]} 9. Bxc3 {[%emt 0:00:00]} cxb5 {[%emt 0:00:01]} 10. b3 {[%emt 0:00:00]} Bb7 {[%emt 0:00:01]} 11. bxc4 {[%emt 0:00:01]} b4 {[%emt 0:00:01]} 12. Bb2 {[%emt 0:00:00]} Nf6 {[%emt 0:00:01]} 13. c5 {[%emt 0:00:00]} O-O {[%emt 0:00:11]} 14. Bb5 {[%emt 0:00:04]} Bc6 {[%emt 0:00:34]} 15. Ba4 {[%emt 0:00:21]} Bxa4 {[%emt 0:01:04]} 16. Qxa4 {[%emt 0:00:00]} Qd7 {[%emt 0:00:24]} 17. Ne5 {[%emt 0:00:24]} Qxa4 {[%emt 0:00:06]} 18. Rxa4 {[%emt 0:00:00]} Nbd7 {[%emt 0:00:30]} 19. Nc4 {[%emt 0:00:19]} Ra7 {[%emt 0:00:27]} 20. Ke2 {[%emt 0:00:04]} Rfa8 {[%emt 0:00:53]} 21. Rha1 {[%emt 0:00:02]} Kf8 {[%emt 0:01:25]} 22. Rxa5 {[%emt 0:00:06]} Rxa5 {[%emt 0:00:04]} 23. Rxa5 {[%emt 0:00:00]} Rxa5 {[%emt 0:00:03]} 24. Nxa5 {[%emt 0:00:00]} Nd5 {[%emt 0:00:05]} 25. g3 {[%emt 0:00:18]} Ke7 {[%emt 0:00:14]} 26. Kd3 {[%emt 0:00:01]} f5 {[%emt 0:00:08]} 27. Nc6+ {[%emt 0:00:06]} Ke8 {[%emt 0:00:05]} 28. Kc4 {[%emt 0:00:01]} N7f6 {[%emt 0:00:10]} 29. Nxb4 {[%emt 0:01:25]} Nxb4 {[%emt 0:00:04]} 30. Kxb4 {[%emt 0:00:00]} Ng4 {[%emt 0:00:00]} 31. Kb5 {[%emt 0:00:38]} Kd7 {[%emt 0:00:24]} 32. c6+ {[%emt 0:00:02]} Kc7 {[%emt 0:00:03]} 33. Bc3 {[%emt 0:00:01]} Nxf2 {[%emt 0:00:05]} 34. Ba5+ {[%emt 0:00:01]} Kc8 {[%emt 0:00:01]} 35. Kc5 {[%emt 0:00:31]} Ne4+ {[%emt 0:00:21]} 36. Kc4 {[%emt 0:00:09]} Nd6+ {[%emt 0:00:20]} 37. Kc5 {[%emt 0:00:20]} Ne4+ {[%emt 0:00:01]} 38. Kc4 {[%emt 0:00:00]} Nd6+ {[%emt 0:00:01]} 39. Kd3 {[%emt 0:00:00]} h5 {[%emt 0:00:35]} 40. Bb6 {[%emt 0:00:55]} g5 {[%emt 0:00:16]} 41. d5 {[%emt 0:00:48]} exd5 {[%emt 0:01:58]} 42. Kd4 {[%emt 0:00:02]} Nc4 {[%emt 0:00:03]} 43. Bc5 {[%emt 0:00:02]} Nxe3 {[%emt 0:00:42]} 44. Kxe3 {[%emt 0:00:09]} Kc7 {[%emt 0:00:01]} 45. Be7 {[%emt 0:00:09]} g4 {[%emt 0:00:21]} 46. Bg5 {[%emt 0:00:02]} Kxc6 {[%emt 0:00:02]} 47. Kd4 {[%emt 0:00:01]} Kd6 {[%emt 0:00:01]} 48. Bf4+ {[%emt 0:00:07]} Ke6 {[%emt 0:00:01]} 49. Bb8 {[%emt 0:00:01]} h4 {[%emt 0:00:05]} 50. Bf4 {[%emt 0:00:06]} hxg3 {[%emt 0:00:03]} 51. hxg3 {[%emt 0:00:00]} Kf6 {[%emt 0:00:02]} 52. Kxd5 {[%emt 0:00:01]} Kf7 {[%emt 0:00:01]} 53. Ke5 {[%emt 0:00:01]} Kg6 {[%emt 0:00:00]} 54. Ke6 {[%emt 0:00:01]} Kh5 {[%emt 0:00:01]} 55. Bc7 {[%emt 0:00:08]} Kg5 {[%emt 0:00:01]} 56. Bd8+ {[%emt 0:00:10]} Kg6 {[%emt 0:00:02]} 57. Ke5 {[%emt 0:00:02]} f4 {[%emt 0:00:03]} 58. Kxf4 {[%emt 0:00:01]} Kh5 {[%emt 0:00:02]} 59. Bg5 {[%emt 0:00:01] Johnny Johnson resigns (Lag: Av=0.39s, max=2.7s)} 1-0

[Event "OEISM 0818 BLMM"]
[Site "austriablmm"]
[Date "2020.12.12"]
[Round "5"]
[White "Weirdo1"]
[Black "Schaf2009"]
[Result "1-0"]
[WhiteElo "1832"]
[BlackElo "1805"]
[Annotator "NA RC"]
[PlyCount "93"]
[EventDate "2020.12.12"]
[EventType "blitz"]

1. d4 {[%emt 0:00:06]} Nf6 {[%emt 0:00:05]} 2. Nf3 {[%emt 0:00:02]} e6 {[%emt 0:00:05]} 3. e3 {[%emt 0:00:07]} d5 {[%emt 0:00:08]} 4. c4 {[%emt 0:00:02]} c6 {[%emt 0:00:02]} 5. Nc3 {[%emt 0:00:03]} Nbd7 {[%emt 0:00:10]} 6. Qc2 {[%emt 0:00:03]} Bd6 {[%emt 0:00:12]} 7. b3 {[%emt 0:00:03]} O-O {[%emt 0:00:18]} 8. Be2 {[%emt 0:00:03]} Re8 {[%emt 0:00:09]} 9. Bb2 {[%emt 0:00:05]} Nf8 {[%emt 0:00:37]} 10. O-O {[%emt 0:00:09]} Ng6 {[%emt 0:00:02]} 11. e4 {[%emt 0:00:14]} dxe4 {[%emt 0:00:21]} 12. Nxe4 {[%emt 0:00:02]} Be7 {[%emt 0:00:03]} 13. Rad1 {[%emt 0:00:17]} Bd7 {[%emt 0:00:23]} 14. Ne5 {[%emt 0:00:21]} Rc8 {[%emt 0:00:21]} 15. Nc5 {[%emt 0:00:29]} Bxc5 {[%emt 0:00:46]} 16. dxc5 {[%emt 0:00:08]} Qe7 {[%emt 0:00:08]} 17. Rd6 {[%emt 0:00:38]} Rcd8 {[%emt 0:00:17]} 18. Rfd1 {[%emt 0:00:06]} Bc8 {[%emt 0:00:04] Schaf2009 offers a draw} 19. Bf3 {[%emt 0:01:01]} Nxe5 {[%emt 0:00:17]} 20. Bxe5 {[%emt 0:00:03]} Nd7 {[%emt 0:00:05]} 21. Bb2 {[%emt 0:00:15]} Nxc5 {[%emt 0:00:07]} 22. Rxd8 {[%emt 0:00:30]} Rxd8 {[%emt 0:00:04]} 23. Rxd8+ {[%emt 0:00:10]} Qxd8 {[%emt 0:00:00]} 24. Qc3 {[%emt 0:00:11]} f6 {[%emt 0:00:20]} 25. Qe3 {[%emt 0:00:22]} Na6 {[%emt 0:00:23]} 26. h4 {[%emt 0:00:36]} Qa5 {[%emt 0:00:45]} 27. a3 {[%emt 0:00:24]} Qf5 {[%emt 0:00:38]} 28. Be4 {[%emt 0:00:18]} Qg4 {[%emt 0:00:07]} 29. Qd3 {[%emt 0:00:36]} e5 {[%emt 0:00:39]} 30. Bxh7+ {[%emt 0:00:12]} Kh8 {[%emt 0:00:10]} 31. Bg6 {[%emt 0:00:11]} Qd7 {[%emt 0:00:16]} 32. Qe2 {[%emt 0:00:13]} Qg4 {[%emt 0:00:11]} 33. Qd3 {[%emt 0:00:05]} Qd7 {[%emt 0:00:04]} 34. Qc2 {[%emt 0:00:33]} Nc7 {[%emt 0:00:31]} 35. h5 {[%emt 0:00:15]} a6 {[%emt 0:00:33] Schaf2009 offers a draw} 36. Bc1 {[%emt 0:00:19]} b5 {[%emt 0:00:20]} 37. h6 {[%emt 0:00:12]} Ne8 {[%emt 0:00:34]} 38. cxb5 {[%emt 0:00:42]} axb5 {[%emt 0:00:05]} 39. Be3 {[%emt 0:00:09]} Nc7 {[%emt 0:00:04]} 40. Qc5 {[%emt 0:00:20]} Ne6 {[%emt 0:00:14]} 41. Qc2 {[%emt 0:00:11]} Nd4 {[%emt 0:00:26]} 42. Qd1 {[%emt 0:00:20]} c5 {[%emt 0:00:19]} 43. Qh5 {[%emt 0:00:04]} Kg8 {[%emt 0:00:07]} 44. Bf7+ {[%emt 0:00:16]} Kh8 {[%emt 0:00:14]} 45. Qg6 {[%emt 0:00:24]} Ne2+ {[%emt 0:00:21]} 46. Kh2 {[%emt 0:00:04]} Nf4 {[%emt 0:00:14]} 47. hxg7# {[%emt 0:00:02] (Lag: Av=0.30s, max=0.5s) Mate} 1-0

[Event "OEISM 0818 BLMM"]
[Site "austriablmm"]
[Date "2020.12.12"]
[Round "5"]
[White "Blumenlaus"]
[Black "matschi2006"]
[Result "1-0"]
[WhiteElo "1825"]
[BlackElo "1737"]
[Annotator "NA RC"]
[PlyCount "67"]
[EventDate "2020.12.12"]
[EventType "blitz"]

1. d4 {[%emt 0:00:09]} Nf6 {[%emt 0:00:36]} 2. c4 {[%emt 0:00:02]} c5 {[%emt 0:00:02]} 3. Nf3 {[%emt 0:00:02]} cxd4 {[%emt 0:00:02]} 4. Nxd4 {[%emt 0:00:01]} e5 {[%emt 0:00:01]} 5. Nf3 {[%emt 0:00:08]} Nc6 {[%emt 0:00:02]} 6. g3 {[%emt 0:00:03]} d5 {[%emt 0:00:06]} 7. cxd5 {[%emt 0:00:02]} Qxd5 {[%emt 0:00:03]} 8. Qxd5 {[%emt 0:00:05]} Nxd5 {[%emt 0:00:01]} 9. Bg2 {[%emt 0:00:01]} Be6 {[%emt 0:00:05]} 10. a3 {[%emt 0:00:04]} f6 {[%emt 0:00:09]} 11. O-O {[%emt 0:00:02]} Bc5 {[%emt 0:00:02]} 12. Nbd2 {[%emt 0:00:09]} Kf7 {[%emt 0:00:11]} 13. Ne4 {[%emt 0:00:03]} Be7 {[%emt 0:00:06]} 14. b4 {[%emt 0:00:02]} Rhd8 {[%emt 0:00:22]} 15. Bb2 {[%emt 0:00:08]} Nb6 {[%emt 0:00:01]} 16. Ned2 {[%emt 0:00:38]} Nc4 {[%emt 0:00:13]} 17. Nxc4 {[%emt 0:00:05]} Bxc4 {[%emt 0:00:00]} 18. Rfe1 {[%emt 0:00:02]} g5 {[%emt 0:00:09]} 19. Rac1 {[%emt 0:00:04]} Be6 {[%emt 0:00:06]} 20. Red1 {[%emt 0:00:07]} Rxd1+ {[%emt 0:00:14]} 21. Rxd1 {[%emt 0:00:01]} g4 {[%emt 0:00:01]} 22. Ne1 {[%emt 0:00:06]} Bc4 {[%emt 0:00:14]} 23. Rd7 {[%emt 0:00:06]} Bxe2 {[%emt 0:03:40]} 24. Rxb7 {[%emt 0:00:06]} Rc8 {[%emt 0:00:01]} 25. Bd5+ {[%emt 0:00:26]} Kf8 {[%emt 0:00:12]} 26. Ng2 {[%emt 0:00:27]} Nd4 {[%emt 0:00:16]} 27. Ne3 {[%emt 0:00:09]} f5 {[%emt 0:01:32]} 28. Rxa7 {[%emt 0:00:25]} f4 {[%emt 0:00:36]} 29. gxf4 {[%emt 0:00:06]} exf4 {[%emt 0:00:05]} 30. Bxd4 {[%emt 0:00:13]} fxe3 {[%emt 0:00:23]} 31. Bxe3 {[%emt 0:00:09]} Bd6 {[%emt 0:00:21]} 32. Bh6+ {[%emt 0:00:08]} Ke8 {[%emt 0:00:02]} 33. Bf7+ {[%emt 0:00:01]} Kd8 {[%emt 0:00:01]} 34. Bg5+ {[%emt 0:00:01] matschi2006 reconnected. matschi2006 resigns} 1-0

[Event "OEISM 0818 BLMM"]
[Site "austriablmm"]
[Date "2020.12.12"]
[Round "5"]
[White "NIKO2011"]
[Black "EdiRaber"]
[Result "1-0"]
[WhiteElo "1815"]
[BlackElo "1732"]
[Annotator "NA RC"]
[PlyCount "141"]
[EventDate "2020.12.12"]
[EventType "blitz"]

1. e4 {[%emt 0:00:03]} e5 {[%emt 0:00:02]} 2. Nf3 {[%emt 0:00:07]} Nc6 {[%emt 0:00:03]} 3. d4 {[%emt 0:00:02]} exd4 {[%emt 0:00:02]} 4. Nxd4 {[%emt 0:00:01]} Nxd4 {[%emt 0:00:01]} 5. Qxd4 {[%emt 0:00:01]} d6 {[%emt 0:00:00]} 6. Bc4 {[%emt 0:00:03]} Nf6 {[%emt 0:00:01]} 7. Bg5 {[%emt 0:00:02]} Be7 {[%emt 0:00:02]} 8. Nc3 {[%emt 0:00:04]} O-O {[%emt 0:00:02]} 9. O-O {[%emt 0:00:02]} Be6 {[%emt 0:00:04]} 10. Bb3 {[%emt 0:00:08]} h6 {[%emt 0:00:05]} 11. Bh4 {[%emt 0:00:03]} Qd7 {[%emt 0:00:08]} 12. Rad1 {[%emt 0:00:12]} Rad8 {[%emt 0:00:04]} 13. Qe3 {[%emt 0:00:10]} Rfe8 {[%emt 0:00:05]} 14. e5 {[%emt 0:00:20]} Ng4 {[%emt 0:00:08]} 15. Qg3 {[%emt 0:00:02]} Bxh4 {[%emt 0:00:04]} 16. Qxh4 {[%emt 0:00:00]} Nxe5 {[%emt 0:00:02]} 17. Qg3 {[%emt 0:00:11]} Qe7 {[%emt 0:00:28]} 18. Rfe1 {[%emt 0:00:13]} Qf6 {[%emt 0:00:09]} 19. Ne4 {[%emt 0:00:06]} Qf5 {[%emt 0:00:13]} 20. Qc3 {[%emt 0:01:46]} Bxb3 {[%emt 0:00:16]} 21. Qxb3 {[%emt 0:00:10]} Qg4 {[%emt 0:00:13]} 22. h3 {[%emt 0:00:17]} Qg6 {[%emt 0:00:04]} 23. f4 {[%emt 0:00:07]} Nc6 {[%emt 0:00:09]} 24. Qxb7 {[%emt 0:00:24]} Rxe4 {[%emt 0:00:14]} 25. Qxc6 {[%emt 0:00:08]} Rxf4 {[%emt 0:00:03]} 26. Qxc7 {[%emt 0:00:09]} Rf8 {[%emt 0:00:06]} 27. Qxd6 {[%emt 0:00:16]} Qg3 {[%emt 0:00:20]} 28. Qxf8+ {[%emt 0:00:07]} Kh7 {[%emt 0:00:14]} 29. Qc5 {[%emt 0:00:20]} Rh4 {[%emt 0:00:17]} 30. Qf5+ {[%emt 0:00:10]} Qg6 {[%emt 0:00:18]} 31. Qxg6+ {[%emt 0:00:06]} Kxg6 {[%emt 0:00:00] EdiRaber offers a draw} 32. Rd6+ {[%emt 0:00:03]} f6 {[%emt 0:00:02]} 33. Rd7 {[%emt 0:00:03]} Rc4 {[%emt 0:00:05]} 34. c3 {[%emt 0:00:03]} Ra4 {[%emt 0:00:06]} 35. a3 {[%emt 0:00:02]} Ra6 {[%emt 0:00:02]} 36. Ree7 {[%emt 0:00:03]} Rb6 {[%emt 0:00:03]} 37. Rxg7+ {[%emt 0:00:01]} Kf5 {[%emt 0:00:03]} 38. Rd2 {[%emt 0:00:01]} Kf4 {[%emt 0:00:04]} 39. Rxa7 {[%emt 0:00:02]} h5 {[%emt 0:00:03]} 40. Rad7 {[%emt 0:00:04]} Re6 {[%emt 0:00:04]} 41. R7d4+ {[%emt 0:00:02]} Kf5 {[%emt 0:00:05]} 42. Kf2 {[%emt 0:00:02]} h4 {[%emt 0:00:04]} 43. Rd5+ {[%emt 0:00:03]} Kg6 {[%emt 0:00:06]} 44. R2d4 {[%emt 0:00:03]} f5 {[%emt 0:00:04]} 45. Rxh4 {[%emt 0:00:03]} Kg5 {[%emt 0:00:03]} 46. Rdd4 {[%emt 0:00:05]} Rb6 {[%emt 0:00:07]} 47. Rb4 {[%emt 0:00:02]} Rd6 {[%emt 0:00:04]} 48. Ke3 {[%emt 0:00:08]} Re6+ {[%emt 0:00:03]} 49. Rhe4 {[%emt 0:00:02]} fxe4 {[%emt 0:00:04]} 50. Rxe4 {[%emt 0:00:01]} Rb6 {[%emt 0:00:01]} 51. Rb4 {[%emt 0:00:01]} Re6+ {[%emt 0:00:02]} 52. Kf3 {[%emt 0:00:01]} Rf6+ {[%emt 0:00:01]} 53. Kg3 {[%emt 0:00:01]} Kh5 {[%emt 0:00:03]} 54. Rb5+ {[%emt 0:00:03]} Kg6 {[%emt 0:00:02]} 55. Kg4 {[%emt 0:00:03]} Rc6 {[%emt 0:00:03]} 56. Rb4 {[%emt 0:00:11]} Kf6 {[%emt 0:00:07]} 57. h4 {[%emt 0:00:03]} Kg6 {[%emt 0:00:02]} 58. h5+ {[%emt 0:00:02]} Kh7 {[%emt 0:00:01]} 59. Rb5 {[%emt 0:00:06]} Kh8 {[%emt 0:00:04]} 60. Kg5 {[%emt 0:00:03]} Kh7 {[%emt 0:00:02]} 61. g4 {[%emt 0:00:01]} Kh8 {[%emt 0:00:02]} 62. Rb7 {[%emt 0:00:03]} Rc5+ {[%emt 0:00:03]} 63. Kh4 {[%emt 0:00:05]} Rd5 {[%emt 0:00:03]} 64. h6 {[%emt 0:00:04]} Rc5 {[%emt 0:00:02]} 65. g5 {[%emt 0:00:03]} Rc4+ {[%emt 0:00:06]} 66. Kh5 {[%emt 0:00:01]} Rc6 {[%emt 0:00:01]} 67. g6 {[%emt 0:00:06]} Rc5+ {[%emt 0:00:08]} 68. Kg4 {[%emt 0:00:01]} Rc4+ {[%emt 0:00:01]} 69. Kf5 {[%emt 0:00:02]} Rc5+ {[%emt 0:00:02]} 70. Ke4 {[%emt 0:00:01]} Rc6 {[%emt 0:00:04]} 71. Rb8+ {[%emt 0:00:02] EdiRaber resigns} 1-0

[Event "OEISM 0818 BLMM"]
[Site "austriablmm"]
[Date "2020.12.12"]
[Round "5"]
[White "jorei"]
[Black "Tobias Gartner"]
[Result "1-0"]
[WhiteElo "1786"]
[BlackElo "1441"]
[Annotator "NA RC"]
[PlyCount "57"]
[EventDate "2020.12.12"]
[EventType "blitz"]

1. e4 {[%emt 0:00:05]} e5 {[%emt 0:00:01]} 2. Nf3 {[%emt 0:00:02]} Nc6 {[%emt 0:00:02]} 3. Bc4 {[%emt 0:00:03]} a6 {[%emt 0:00:03]} 4. c3 {[%emt 0:00:02]} h6 {[%emt 0:00:03]} 5. d4 {[%emt 0:00:03]} exd4 {[%emt 0:00:05]} 6. cxd4 {[%emt 0:00:04]} Nf6 {[%emt 0:00:05]} 7. e5 {[%emt 0:00:21]} Ne4 {[%emt 0:00:08]} 8. Qd3 {[%emt 0:00:45]} Bb4+ {[%emt 0:00:15]} 9. Bd2 {[%emt 0:00:20]} Bxd2+ {[%emt 0:00:06]} 10. Nbxd2 {[%emt 0:00:02]} Nxd2 {[%emt 0:00:02]} 11. Qxd2 {[%emt 0:00:02]} O-O {[%emt 0:00:06]} 12. d5 {[%emt 0:00:11]} Nb8 {[%emt 0:00:08]} 13. O-O {[%emt 0:00:03]} d6 {[%emt 0:00:06]} 14. e6 {[%emt 0:00:08]} fxe6 {[%emt 0:00:06]} 15. dxe6 {[%emt 0:00:03]} Re8 {[%emt 0:00:06]} 16. Rfe1 {[%emt 0:00:02]} Kf8 {[%emt 0:00:18]} 17. Qf4+ {[%emt 0:00:06]} Kg8 {[%emt 0:00:09]} 18. e7+ {[%emt 0:00:03]} Kh7 {[%emt 0:00:16]} 19. exd8=Q {[%emt 0:00:08]} Rxd8 {[%emt 0:00:02]} 20. Bd3+ {[%emt 0:00:14]} Kg8 {[%emt 0:00:04]} 21. Re2 {[%emt 0:00:15]} Rf8 {[%emt 0:00:04]} 22. Bc4+ {[%emt 0:00:06]} Kh8 {[%emt 0:00:07]} 23. Qxf8+ {[%emt 0:00:04]} Kh7 {[%emt 0:00:04]} 24. Re7 {[%emt 0:00:04]} Kg6 {[%emt 0:00:05]} 25. Bd3+ {[%emt 0:00:08]} Kh5 {[%emt 0:00:04]} 26. Qxc8 {[%emt 0:00:18]} c6 {[%emt 0:00:14]} 27. Qf5+ {[%emt 0:00:06]} g5 {[%emt 0:00:17]} 28. g3 {[%emt 0:00:00]} Ra7 {[%emt 0:00:09]} 29. g4# {[%emt 0:00:01] Mate Mate} 1-0